Statistics for Click the Month

Click here to take the quiz!

General Stats

  • This quiz has been taken 15,893 times
  • The average score is 13 of 24

Answer Stats

HintAnswer% Correct
Spell it backwards and it's something you eat5. May
82%
Most common month for Easter to be celebrated4. April
75%
When Boxing Day happens12. December
68%
When U.S. Presidential elections happen11. November
64%
Tom Clancy: "The Hunt for Red _______"10. October
63%
When Yule happens12. December
60%
Contains the longest day of the year in the Northern Hemisphere6. June
58%
Named for the Roman god of war3. March
57%
Its name comes from the Latin for "eighth month"10. October
56%
When Julius Caesar died3. March
56%
Green Day: "Wake Me Up When _______ Ends"9. September
56%
When Christmas is celebrated in Russia1. January
53%
Most common month for Chinese New Year to occur2. February
50%
On average, the coldest month in Australia7. July
47%
When armistice was declared in WWI11. November
46%
On the 1st of this month, people might dance around a pole5. May
46%
The only month that never has a blue moon2. February
44%
A person born in this month could be a Leo or Virgo8. August
44%
A word meaning "grand and dignified"8. August
44%
When the Allies invaded Normandy in 19446. June
43%
When Bastille Day happens7. July
43%
When Oktoberfest gets started9. September
42%
When Earth Day happens4. April
40%
Named for the Roman god of transitions1. January
28%

Score Distribution

Percentile by Number Answered

Percent of People with Each Score

Your Score History

You have not taken this quiz